Heidegger : an introduction

Αποθηκεύτηκε σε:
Λεπτομέρειες βιβλιογραφικής εγγραφής
Κύριος συγγραφέας: Polt, Richard F. H. 1964-
Μορφή: Βιβλίο
Γλώσσα:English
Δημοσίευση: London ; New York : Routledge, c1999
Θέματα:
Ετικέτες: Προσθήκη ετικέτας
Δεν υπάρχουν, Καταχωρήστε ετικέτα πρώτοι!

MARC

LEADER 00000nam a2200000 i 4500
001 1/65487
008 041111s1999 eng d
020 |a 1-85728-720-7 
035 |l 10075221 
040 |a GR-MY-UA  |b gre  |e aacr 
041 0 |a eng 
082 0 |a 193 
100 1 |a Polt, Richard F. H.  |d 1964- 
245 1 0 |a Heidegger :  |b an introduction /  |c Richard Polt 
260 |a London ; New York :   |b Routledge,   |c c1999 
300 |a xi, 197 σ.;  |c 23 εκ. 
504 |a Περιέχει βιβλιογραφικές αναφορές και ευρετήριο 
600 1 0 |a Heidegger, Martin,   |d 1889-1976. 
852 |a INST  |b SAMOS  |e 20041111  |h 193 POL  |p 005300022911  |q 005300022911  |t BK  |y 0 
901 |a BIBL3-2004-3 
909 |a Σ  |b 113960 
920 |a ΔΙΕΥΡΥΝΣΗ  |b ΕΠΕΑΕΚ-ΤΜΠΕΣ  |y ΣΑΜΟΣ  |z 2004-10 
970 |a ΜΑΛΑΓΑΡΗ  |b ΦΩΤΕΙΝΗ  |z 2004/11/11